The majesty of the horse
| Main Author: | |
|---|---|
| Format: | Book |
| Language: | English |
| Published: |
New York
Todtri
1997
|
| Subjects: |
| LEADER | 00517cam a2200193 a 4500 | ||
|---|---|---|---|
| 001 | 0000078081 | ||
| 005 | 20251027090000.0 | ||
| 040 | |a mod | ||
| 041 | |a eng | ||
| 020 | |a 1577170563 | ||
| 090 | 0 | 0 | |a 636.1 |b SER |c f |e 1997 |
| 100 | 1 | |a Server, Dean | |
| 245 | 1 | 4 | |a The majesty of the horse |c Dean Server |
| 260 | |a New York |b Todtri |c 1997 | ||
| 300 | |a 128 p. |b col. ill. |c 30 cm | ||
| 500 | |a Includes index | ||
| 650 | 0 | 0 | |a Horses |
| 650 | 0 | 0 | |a Horses Pictorial works |
| 999 | |a 0236420 |b PULADA |d BOOKS |e Umum |f PULADA |j AVAILABLE |q GOOD CONDITION | ||